000 00719nam a2200253Ia 4500
003 OSt
005 20220918210809.0
006 a|||||r|||| 00| 0
007 ta
008 220917b |||||||| |||| 00| 0 eng d
024 _a122,081
037 _cTextual
040 _aARTS
_cARTS
_beng
041 _2eng
_aeng
082 _aWxK89,2, N0
100 _aMontezquieu
_9119250
245 0 _aSpirit of the laws tr and ed by Anne M Cohler, etc
260 _aCambridge
_bCUP
_c1990
300 _axivii,757p.
_ccm.
490 _aCambridge texts in the history of political thought series
650 _aPOLITICAL SCIENCE
942 _hWxK89,2, N0
_cTEXL
_2CC
999 _c245273
_d245273